Представление документа в формате RUSMARC

ПолеНазваниеЗначение
  Тип записи a
  Библиографический уровень c
001 Контрольный номер RU/SLIB/B/208754276
005 Дата корректировки 20201206204146.0
010 Индекс ISBN __
d Цена 0-40
101 Язык документа __
a Язык текста rus
200 Заглавие и сведения об ответственности 1_
a Заглавие С Новым годом!
e Сведения, относящиеся к заглавию сборник
f Первые сведения об ответственности сост. Е. Орлова
b Общее обозначение материала Текст
210 Выходные данные __
a Место издания М.
c Издательство Молодая гвардия
d Дата издания 1976
215 Физическое описание __
a Объем 128 с.
c Иллюстрации/тип воспроизводства ил.
225 Серия __
a Серия Наши праздники
606 Тематические рубрики __
a Основная рубрика Музыка и зрелищные искусства
606 Тематические рубрики __
a Основная рубрика Массовые представления и театрализованные праздники
606 Тематические рубрики __
a Основная рубрика Художественная самодеятельность
606 Тематические рубрики __
a Основная рубрика Театральная самодеятельность
610 Ключевые слова __
a Ключевые слова праздники; праздничные поздравления; новогодние праздники; Новый год
686 Индексы других классификаций __
a Классификационный индекс 85.34
686 Индексы других классификаций __
a Классификационный индекс 85.79
702 Вторичная интеллектуальная ответственность _1
a Фамилия Орлова
b Имя Е.
4 Код отношения Составитель
801 Источник записи _0
a Страна RU
b Организация Муниципальное бюджетное учреждение культуры "Централизованная библиотечная система" г. Сургут (Центральная городская библиотека им. А. С. Пушкина)
g Правила каталогизации КиК/Уланова
801 Источник записи _1
a Страна RU
b Организация Муниципальное бюджетное учреждение культуры "Централизованная библиотечная система" г. Сургут (Центральная городская библиотека им. А. С. Пушкина)
g Правила каталогизации КиК/Уланова
852 Данные о местонахождении __
j Шифр хранения 85.34
c Каталожный индекс 85.34; 85.79
i Авторский знак С 11
p Инвентарный номер 50724(с)
901 Тип документа __
t Тип документа x
969 Тип издания __
a Тип издания сборник
990 Данные о заказе (DOS) __
j Количество экземпляров (DOS) 1